SAT Words HARD Click Quiz - C #5 - Statistics

General Stats
  • This quiz has been taken 342 times
  • The average score is 8 of 15
Answer Stats
Hint Answer % Correct
Deep blue in colour; coloured like the sky Cerulean
91%
Of or relating to the skin Cutaneous
82%
Harshly critical or sarcastic Caustic
81%
Deep or serious thought Cogitation
69%
Bell tower, especially at an Italian church Campanile
66%
Make false or malicious rumours against Calumniate
59%
Group of sycophants hired to applaud a performance Claque
56%
Mean-spirited; ignoble Currish
56%
In a state of order; satisfactory Copacetic
55%
False rumour or unfounded story Canard
47%
Scar, especially one from a wound Cicatrix
47%
United, connected Coadunate
46%
Misuse of a word or phrase Catachresis
39%
Literary device where two consecutive phrases reverse syntactical elements Chiasmus
31%
Showy attire; luxurious adornment Caparison
23%
No matching quizzes found
Score Distribution
Percent of People with Each Score
Percentile by Number Answered
Your Score History
You have not taken this quiz